000 00607cam a22002171 4500
001 sa 67000427
003 DLC
005 20260227112314.0
008 960917s1964 xx c 000 0 pusr
010 _asa 67000427
035 _a(OCoLC)35574137
040 _aDLC
_cCLU
_dCLU
_dDLC
042 _apremarc
050 0 0 _aPK6814
_b.M3
130 0 _aMarkazī ʻAwāmī Puṣhto Adabī Jargah.
245 0 0 _aYo āwāz.
260 _a[Nūṣhār ṣadar,
_bMarkizī Aʻwāmī Pus̄htū Adabī Jargah,
_c1964]
300 _a272 p.
_bports.
_c19 cm.
500 _aAnthology of poems.
650 0 _aPushto poetry.
999 _c71980
_d71980